<?xml version="1.0" encoding="UTF-8"?><?xml-stylesheet type="text/xsl" href="static/style.xsl"?><OAI-PMH xmlns="http://www.openarchives.org/OAI/2.0/" xmlns:xsi="http://www.w3.org/2001/XMLSchema-instance" xsi:schemaLocation="http://www.openarchives.org/OAI/2.0/ http://www.openarchives.org/OAI/2.0/OAI-PMH.xsd"><responseDate>2026-04-14T05:39:31Z</responseDate><request verb="GetRecord" identifier="oai:www.recercat.cat:20.500.12694/7102" metadataPrefix="marc">https://recercat.cat/oai/request</request><GetRecord><record><header><identifier>oai:recercat.cat:20.500.12694/7102</identifier><datestamp>2025-12-18T12:09:04Z</datestamp><setSpec>com_2072_179042</setSpec><setSpec>col_2072_484474</setSpec></header><metadata><record xmlns="http://www.loc.gov/MARC21/slim" xmlns:dcterms="http://purl.org/dc/terms/" xmlns:xsi="http://www.w3.org/2001/XMLSchema-instance" xmlns:doc="http://www.lyncode.com/xoai" xsi:schemaLocation="http://www.loc.gov/MARC21/slim http://www.loc.gov/standards/marcxml/schema/MARC21slim.xsd">
   <leader>00925njm 22002777a 4500</leader>
   <datafield ind2=" " ind1=" " tag="042">
      <subfield code="a">dc</subfield>
   </datafield>
   <datafield ind2=" " ind1=" " tag="720">
      <subfield code="a">Bou Puig, Genís</subfield>
      <subfield code="e">author</subfield>
   </datafield>
   <datafield ind2=" " ind1=" " tag="260">
      <subfield code="c">2015-07-15</subfield>
   </datafield>
   <datafield ind2=" " ind1=" " tag="520">
      <subfield code="a">Aquest treball pretén demostrar l’alta influència que va tenir la música afroamericana (especialment el jazz, R&amp;B, soul i funk) en la música popular jamaicana moderna dels anys seixanta i principis dels setanta. Així, el treball consta de tres parts: una primera de caire més històric, que serveix per contextualitzar i explicar el naixement de la música jamaicana moderna; una segona, on es comenta quines funcions té cada instrument en la música jamaicana i quins són els principals clixés estilístics; i, a la tercera, s’analitza quina relació té la música afroamericana amb aquests patrons musicals. Finalment, hi ha un apartat dedicat a explicar els arranjaments que he fet, intentant potenciar al màxim la connexió entre les dues músiques.</subfield>
   </datafield>
   <datafield ind2=" " ind1=" " tag="520">
      <subfield code="a">Este trabajo pretende demostrar la alta influencia que tuvo la música afroamericana (especialmente el jazz, R&amp;B, soul y funk) en la música popular jamaicana moderna de los años sesenta y principios de los setenta. Así, el trabajo consta de tres partes: una primera de perfil más histórico, que sirve para contextualizar y explicar el nacimiento de la música jamaicana moderna; una segunda, donde se comenta qué funciones tiene cada instrumento en la música jamaicana y cuáles son los principales clichés estilísticos; y, en la tercera, se analiza qué relación tiene la música afroamericana con estos patrones musicales. Finalmente, hay un apartado dedicado a explicar los arreglos que he hecho, intentando potenciar al máximo la conexión entre ambas músicas.</subfield>
   </datafield>
   <datafield ind2=" " ind1=" " tag="520">
      <subfield code="a">This research aims to demonstrate the significant influence that Afro-American music (mainly jazz, R&amp;B, soul, and funk) had on modern Jamaican popular music during the 1960s and early 1970s. The study is divided into three parts: the first explains the birth of modern Jamaican music; the second focuses on the specific musical patterns of Jamaican music and how this music is performed; and the third analyzes the relationship between Jamaican and Afro-American musical patterns. The final section describes the arrangements I created, aiming to highlight the connection between these two musical genres.</subfield>
   </datafield>
   <datafield ind1="8" ind2=" " tag="024">
      <subfield code="a">http://hdl.handle.net/20.500.12694/7102</subfield>
   </datafield>
   <datafield tag="653" ind2=" " ind1=" ">
      <subfield code="a">TFG Jazz i música moderna</subfield>
   </datafield>
   <datafield tag="653" ind2=" " ind1=" ">
      <subfield code="a">Música folklòrica--Jamaica--S. XX--Anàlisi i apreciació</subfield>
   </datafield>
   <datafield tag="653" ind2=" " ind1=" ">
      <subfield code="a">Afroamericans--Música--Anàlisi i apreciació</subfield>
   </datafield>
   <datafield ind2="0" ind1="0" tag="245">
      <subfield code="a">Jazzmaica: un anàlisi sobre la influència de la música afroamericana en la música jamaicana dels seixanta i inicis dels setanta</subfield>
   </datafield>
</record></metadata></record></GetRecord></OAI-PMH>